|
|
|
|
| LEADER |
03662nam a22004333i 4500 |
| 001 |
EBC30469379 |
| 003 |
MiAaPQ |
| 005 |
20231204023230.0 |
| 006 |
m o d | |
| 007 |
cr cnu|||||||| |
| 008 |
231204s2022 xx o ||||0 eng d |
| 020 |
|
|
|a 9780472902996
|q (electronic bk.)
|
| 020 |
|
|
|z 9780472054930
|
| 035 |
|
|
|a (MiAaPQ)EBC30469379
|
| 035 |
|
|
|a (Au-PeEL)EBL30469379
|
| 035 |
|
|
|a (OCoLC)1319078940
|
| 040 |
|
|
|a MiAaPQ
|b eng
|e rda
|e pn
|c MiAaPQ
|d MiAaPQ
|
| 050 |
|
4 |
|a PN849
|
| 082 |
0 |
|
|a 809/.933582
|
| 100 |
1 |
|
|a Santa Ana, Jeffrey.
|
| 245 |
1 |
0 |
|a Empire and Environment :
|b Ecological Ruin in the Transpacific.
|
| 250 |
|
|
|a 1st ed.
|
| 264 |
|
1 |
|a Ann Arbor :
|b University of Michigan Press,
|c 2022.
|
| 264 |
|
4 |
|c ©2022.
|
| 300 |
|
|
|a 1 online resource (323 pages)
|
| 336 |
|
|
|a text
|b txt
|2 rdacontent
|
| 337 |
|
|
|a computer
|b c
|2 rdamedia
|
| 338 |
|
|
|a online resource
|b cr
|2 rdacarrier
|
| 505 |
0 |
|
|a Intro -- Contents -- Acknowledgments -- Foreword: Out of the Ruins | Macarena Gómez-Barris -- Introduction: Confronting Ecological Ruination in the Transpacific | Jeffrey Santa Ana, Heidi Amin-Hong, Rina Garcia Chua, and Zhou Xiaojing -- Part I. (Framing) Postcolonial Ecocritical Approaches to the Asia-Pacific -- excerpt from "Family Trees" (poem) | Craig Santos Perez -- 1. Transpacific Queer Ecologies: Ecological Ruin, Imperialist Nostalgia, and Indigenous Erasure in Han Ong's The Disinherited | Jeffrey Santa Ana -- 2. Cycas wadei and Enduring White Space | Kathleen Cruz Gutierrez -- 3. Rust and Recovery: A Study of South Indian Goddess Films | Chitra Sankaran -- 4. "If We Return We Will Learn": Empire, Poetry, and Biocultural Knowledge in Papua New Guinea | John Charles Ryan -- Part II. Militarized Environments -- "Nuclear Family" (poem) | Craig Santos Perez -- 5. Environmental Violence and the Vietnam War in lê thi diem thúy's The Gangster We Are All Looking For | Emily Cheng -- 6. Toxic Waters: Vietnamese Ecologies in the Afterlives of Empire | Heidi Amin-Hong -- 7. Haunted by Empires: Micronesian Ecopoetry against Colonial Ruination | Zhou Xiaojing -- Part III. Decolonizing the Transpacific: Settler Colonialism and Indigenous Resistance -- "Praise Song for Oceania" (poem) | Craig Santos Perez -- 8. Risk and Resistance at Pōhakuloa | Rebecca H. Hogue -- 9. "Disentrancing" the Rot of Colonialism in Philippine and Canadian Ecopoetry | Rina Garcia Chua -- 10. Representing Postcolonial Water Environments in Contemporary Taiwanese Literature | Ti-Han Chang -- Part IV. Climate Justice and Ecological Futurities -- "Age of Plastic" (poem) | Craig Santos Perez -- 11. Climate Justice in the Transpacific Novel | Amy Lee -- 12. Rising Like Waves: Drowning Settler Colonial Rhetoric with Aloha | Emalani Case.
|
| 505 |
8 |
|
|a 13. Imperial Debris, Vibrant Matter: Plastic in the Hands of Asian American and Kanaka Maoli Artists | Chad Shomura -- Afterword: "A New Way beyond the Darkness" | Priscilla Wald -- Contributors -- Index.
|
| 588 |
|
|
|a Description based on publisher supplied metadata and other sources.
|
| 590 |
|
|
|a Electronic reproduction. Ann Arbor, Michigan : ProQuest Ebook Central, 2023. Available via World Wide Web. Access may be limited to ProQuest Ebook Central affiliated libraries.
|
| 655 |
|
4 |
|a Electronic books.
|
| 700 |
1 |
|
|a Amin-Hong, Heidi.
|
| 700 |
1 |
|
|a Chua, Rina Garcia.
|
| 700 |
1 |
|
|a Zhou, Xiaojing.
|
| 776 |
0 |
8 |
|i Print version:
|a Santa Ana, Jeffrey
|t Empire and Environment
|d Ann Arbor : University of Michigan Press,c2022
|z 9780472054930
|
| 797 |
2 |
|
|a ProQuest (Firm)
|
| 856 |
4 |
0 |
|u https://ebookcentral.proquest.com/lib/matrademy/detail.action?docID=30469379
|z Click to View
|